000 00417nam a2200181Ia 4500
001 19486
005 20260306172656.0
008 260306t2018||||xx |||||||||||||| ||spa||
041 _aESP
082 _a340
_bS92L
100 _aAuris Gutiérrez, Fredy B.
_eAUT
245 0 _aSumma laboral
260 _c2018
300 _a1399 páginas :
_c25 cm.
650 _aGEN
654 _aCDE
942 _cLIB
_dJUS
_fJUS
_2ddc
_n
999 _c19486
_d19486